<?xml version="1.0" encoding="UTF-8"?>
<record
    xmlns:xsi="http://www.w3.org/2001/XMLSchema-instance"
    xsi:schemaLocation="http://www.loc.gov/MARC21/slim http://www.loc.gov/standards/marcxml/schema/MARC21slim.xsd"
    xmlns="http://www.loc.gov/MARC21/slim">

  <leader>01374nam a2200265Ia 4500</leader>
  <datafield tag="999" ind1=" " ind2=" ">
    <subfield code="c">53512</subfield>
    <subfield code="d">53512</subfield>
  </datafield>
  <controlfield tag="001">20558</controlfield>
  <controlfield tag="003">GE_BSU</controlfield>
  <controlfield tag="005">20210218233728.0</controlfield>
  <controlfield tag="008">181216s2013||||ge |||||||||||||| ||geo||</controlfield>
  <datafield tag="020" ind1=" " ind2=" ">
    <subfield code="a">9789941059360</subfield>
  </datafield>
  <datafield tag="040" ind1=" " ind2=" ">
    <subfield code="c">GE_BSU</subfield>
  </datafield>
  <datafield tag="041" ind1=" " ind2=" ">
    <subfield code="a">geo</subfield>
  </datafield>
  <datafield tag="080" ind1=" " ind2=" ">
    <subfield code="a">616.31-089.5 &#x10EC;-56</subfield>
  </datafield>
  <datafield tag="100" ind1=" " ind2=" ">
    <subfield code="a">&#x10EC;&#x10D8;&#x10DA;&#x10DD;&#x10E1;&#x10D0;&#x10DC;&#x10D8;, &#x10DC;. </subfield>
    <subfield code="9">10147</subfield>
  </datafield>
  <datafield tag="245" ind1=" " ind2=" ">
    <subfield code="a">&#x10D0;&#x10D3;&#x10D2;&#x10D8;&#x10DA;&#x10DD;&#x10D1;&#x10E0;&#x10D8;&#x10D5;&#x10D8; &#x10D2;&#x10D0;&#x10E3;&#x10E2;&#x10D9;&#x10D8;&#x10D5;&#x10D0;&#x10E0;&#x10D4;&#x10D1;&#x10D0; &#x10D0;&#x10DB;&#x10D1;&#x10E3;&#x10DA;&#x10D0;&#x10E2;&#x10DD;&#x10E0;&#x10E3;&#x10DA; &#x10E1;&#x10E2;&#x10DD;&#x10DB;&#x10D0;&#x10E2;&#x10DD;&#x10DA;&#x10DD;&#x10D2;&#x10D8;&#x10D0;&#x10E8;&#x10D8;  :</subfield>
    <subfield code="b">&#x10E1;&#x10D0;&#x10EE;&#x10D4;&#x10DA;&#x10DB;&#x10EB;&#x10E6;&#x10D5;. &#x10E1;&#x10E2;&#x10DD;&#x10DB;&#x10D0;&#x10E2;&#x10DD;&#x10DA;. &#x10E1;&#x10DE;&#x10D4;&#x10EA;. &#x10E1;&#x10E2;&#x10E3;&#x10D3;&#x10D4;&#x10DC;&#x10E2;&#x10D4;&#x10D1;&#x10D8;&#x10E1;&#x10D0; &#x10D3;&#x10D0; &#x10E0;&#x10D4;&#x10D6;&#x10D8;&#x10D3;&#x10D4;&#x10DC;&#x10E2;&#x10D4;&#x10D1;&#x10D8;&#x10E1;&#x10D7;&#x10D5;&#x10D8;&#x10E1; /</subfield>
    <subfield code="c">&#x10DC;. &#x10EC;&#x10D8;&#x10DA;&#x10DD;&#x10E1;&#x10D0;&#x10DC;&#x10D8;,  &#x10DB;. &#x10E8;&#x10D0;&#x10E5;&#x10D0;&#x10E0;&#x10D0;&#x10E8;&#x10D5;&#x10D8;&#x10DA;&#x10D8;.</subfield>
  </datafield>
  <datafield tag="264" ind1=" " ind2=" ">
    <subfield code="a">&#x10D7;&#x10D1;&#x10D8;&#x10DA;&#x10D8;&#x10E1;&#x10D8; :</subfield>
    <subfield code="b">&#x10D2;&#x10E0;&#x10DD;&#x10D2;&#x10DD;&#x10DA; &#x10E0;&#x10DD;&#x10D1;&#x10D0;&#x10E5;&#x10D8;&#x10EB;&#x10D8;&#x10E1; &#x10E3;&#x10DC;-&#x10E2;&#x10D8;,</subfield>
    <subfield code="c">2013.</subfield>
  </datafield>
  <datafield tag="300" ind1=" " ind2=" ">
    <subfield code="a">148 &#x10D2;&#x10D5;. :</subfield>
    <subfield code="b"> &#x10D8;&#x10DA;., </subfield>
    <subfield code="c">23 &#x10E1;&#x10DB;.</subfield>
    <subfield code="e">&#x10EA;&#x10EE;&#x10E0;. </subfield>
  </datafield>
  <datafield tag="504" ind1=" " ind2=" ">
    <subfield code="a">&#x10D1;&#x10D8;&#x10D1;&#x10DA;&#x10D8;&#x10DD;&#x10D2;&#x10E0;. : &#x10D2;&#x10D5;. 141-144 + CD</subfield>
  </datafield>
  <datafield tag="541" ind1=" " ind2=" ">
    <subfield code="h">30 &#x10DA;.</subfield>
  </datafield>
  <datafield tag="653" ind1=" " ind2=" ">
    <subfield code="a">&#x10D0;&#x10D3;&#x10D2;&#x10D8;&#x10DA;&#x10DD;&#x10D1;&#x10E0;&#x10D8;&#x10D5;&#x10D8; &#x10D2;&#x10D0;&#x10E3;&#x10E2;&#x10D9;&#x10D8;&#x10D5;&#x10D0;&#x10E0;&#x10D4;&#x10D1;&#x10D0; &#x10D0;&#x10DB;&#x10D1;&#x10E3;&#x10DA;&#x10D0;&#x10E2;&#x10DD;&#x10E0;&#x10E3;&#x10DA; &#x10E1;&#x10E2;&#x10DD;&#x10DB;&#x10D0;&#x10E2;&#x10DD;&#x10DA;&#x10DD;&#x10D2;&#x10D8;&#x10D0;&#x10E8;&#x10D8;</subfield>
  </datafield>
  <datafield tag="653" ind1=" " ind2=" ">
    <subfield code="a">&#x10DB;&#x10D4;&#x10D3;&#x10D8;&#x10EA;&#x10D8;&#x10DC;&#x10D0;</subfield>
  </datafield>
  <datafield tag="653" ind1=" " ind2=" ">
    <subfield code="a">&#x10E1;&#x10E2;&#x10DD;&#x10DB;&#x10D0;&#x10E2;&#x10DD;&#x10DA;&#x10DD;&#x10D2;&#x10D8;&#x10D0;</subfield>
  </datafield>
  <datafield tag="700" ind1=" " ind2=" ">
    <subfield code="a">&#x10E8;&#x10D0;&#x10E5;&#x10D0;&#x10E0;&#x10D0;&#x10E8;&#x10D5;&#x10D8;&#x10DA;&#x10D8;, &#x10DB;.</subfield>
    <subfield code="e">&#x10D0;&#x10D5;&#x10E2;&#x10DD;&#x10E0;&#x10D8;</subfield>
    <subfield code="9">10148</subfield>
  </datafield>
  <datafield tag="942" ind1=" " ind2=" ">
    <subfield code="c">BK</subfield>
    <subfield code="2">udc</subfield>
  </datafield>
  <datafield tag="952" ind1=" " ind2=" ">
    <subfield code="0">0</subfield>
    <subfield code="1">0</subfield>
    <subfield code="2">udc</subfield>
    <subfield code="4">0</subfield>
    <subfield code="6">616310895_&#x10EC;56</subfield>
    <subfield code="7">0</subfield>
    <subfield code="9">75779</subfield>
    <subfield code="a">CPL</subfield>
    <subfield code="b">CPL</subfield>
    <subfield code="c">GEN</subfield>
    <subfield code="d">2018-12-17</subfield>
    <subfield code="g">30.00</subfield>
    <subfield code="o">616.31-089.5 &#x10EC;-56</subfield>
    <subfield code="p">53735</subfield>
    <subfield code="r">2018-12-17</subfield>
    <subfield code="t">53735</subfield>
    <subfield code="w">2018-12-17</subfield>
    <subfield code="y">BK</subfield>
    <subfield code="z">30.00 &#x10DA;.</subfield>
  </datafield>
  <datafield tag="952" ind1=" " ind2=" ">
    <subfield code="0">0</subfield>
    <subfield code="1">0</subfield>
    <subfield code="2">udc</subfield>
    <subfield code="4">0</subfield>
    <subfield code="6">616310895_&#x10EC;56</subfield>
    <subfield code="7">0</subfield>
    <subfield code="9">75780</subfield>
    <subfield code="a">CPL</subfield>
    <subfield code="b">CPL</subfield>
    <subfield code="c">GEN</subfield>
    <subfield code="d">2018-12-17</subfield>
    <subfield code="g">30.00</subfield>
    <subfield code="o">616.31-089.5 &#x10EC;-56</subfield>
    <subfield code="p">53736</subfield>
    <subfield code="r">2018-12-17</subfield>
    <subfield code="t">53736</subfield>
    <subfield code="w">2018-12-17</subfield>
    <subfield code="y">BK</subfield>
    <subfield code="z">30.00 &#x10DA;.</subfield>
  </datafield>
  <datafield tag="952" ind1=" " ind2=" ">
    <subfield code="0">0</subfield>
    <subfield code="1">0</subfield>
    <subfield code="2">udc</subfield>
    <subfield code="4">0</subfield>
    <subfield code="6">616310895_&#x10EC;56</subfield>
    <subfield code="7">0</subfield>
    <subfield code="9">75781</subfield>
    <subfield code="a">CPL</subfield>
    <subfield code="b">CPL</subfield>
    <subfield code="c">GEN</subfield>
    <subfield code="d">2018-12-17</subfield>
    <subfield code="g">30.00</subfield>
    <subfield code="o">616.31-089.5 &#x10EC;-56</subfield>
    <subfield code="p">53737</subfield>
    <subfield code="r">2018-12-17</subfield>
    <subfield code="t">53737</subfield>
    <subfield code="w">2018-12-17</subfield>
    <subfield code="y">BK</subfield>
    <subfield code="z">30.00 &#x10DA;.</subfield>
  </datafield>
  <datafield tag="952" ind1=" " ind2=" ">
    <subfield code="0">0</subfield>
    <subfield code="1">0</subfield>
    <subfield code="2">udc</subfield>
    <subfield code="4">0</subfield>
    <subfield code="6">616310895_&#x10EC;56</subfield>
    <subfield code="7">0</subfield>
    <subfield code="9">75782</subfield>
    <subfield code="a">CPL</subfield>
    <subfield code="b">CPL</subfield>
    <subfield code="c">GEN</subfield>
    <subfield code="d">2018-12-17</subfield>
    <subfield code="g">30.00</subfield>
    <subfield code="o">616.31-089.5 &#x10EC;-56</subfield>
    <subfield code="p">53738</subfield>
    <subfield code="r">2018-12-17</subfield>
    <subfield code="t">53738</subfield>
    <subfield code="w">2018-12-17</subfield>
    <subfield code="y">BK</subfield>
    <subfield code="z">30.00 &#x10DA;.</subfield>
  </datafield>
  <datafield tag="952" ind1=" " ind2=" ">
    <subfield code="0">0</subfield>
    <subfield code="1">0</subfield>
    <subfield code="2">udc</subfield>
    <subfield code="4">0</subfield>
    <subfield code="6">616310895_&#x10EC;56</subfield>
    <subfield code="7">0</subfield>
    <subfield code="9">75783</subfield>
    <subfield code="a">CPL</subfield>
    <subfield code="b">CPL</subfield>
    <subfield code="c">GEN</subfield>
    <subfield code="d">2018-12-17</subfield>
    <subfield code="g">30.00</subfield>
    <subfield code="o">616.31-089.5 &#x10EC;-56</subfield>
    <subfield code="p">53739</subfield>
    <subfield code="r">2018-12-17</subfield>
    <subfield code="t">53739</subfield>
    <subfield code="w">2018-12-17</subfield>
    <subfield code="y">BK</subfield>
    <subfield code="z">30.00 &#x10DA;.</subfield>
  </datafield>
  <datafield tag="952" ind1=" " ind2=" ">
    <subfield code="0">0</subfield>
    <subfield code="1">0</subfield>
    <subfield code="2">udc</subfield>
    <subfield code="4">0</subfield>
    <subfield code="6">616310895_&#x10EC;56</subfield>
    <subfield code="7">0</subfield>
    <subfield code="9">75784</subfield>
    <subfield code="a">CPL</subfield>
    <subfield code="b">CPL</subfield>
    <subfield code="c">GEN</subfield>
    <subfield code="d">2018-12-17</subfield>
    <subfield code="g">30.00</subfield>
    <subfield code="o">616.31-089.5 &#x10EC;-56</subfield>
    <subfield code="p">53740</subfield>
    <subfield code="r">2018-12-17</subfield>
    <subfield code="t">53740</subfield>
    <subfield code="w">2018-12-17</subfield>
    <subfield code="y">BK</subfield>
    <subfield code="z">30.00 &#x10DA;.</subfield>
  </datafield>
  <datafield tag="952" ind1=" " ind2=" ">
    <subfield code="0">0</subfield>
    <subfield code="1">0</subfield>
    <subfield code="2">udc</subfield>
    <subfield code="4">0</subfield>
    <subfield code="6">616310895_&#x10EC;56</subfield>
    <subfield code="7">0</subfield>
    <subfield code="9">75785</subfield>
    <subfield code="a">CPL</subfield>
    <subfield code="b">CPL</subfield>
    <subfield code="c">GEN</subfield>
    <subfield code="d">2018-12-17</subfield>
    <subfield code="g">30.00</subfield>
    <subfield code="o">616.31-089.5 &#x10EC;-56</subfield>
    <subfield code="p">53741</subfield>
    <subfield code="r">2018-12-17</subfield>
    <subfield code="t">53741</subfield>
    <subfield code="w">2018-12-17</subfield>
    <subfield code="y">BK</subfield>
    <subfield code="z">30.00 &#x10DA;.</subfield>
  </datafield>
  <datafield tag="952" ind1=" " ind2=" ">
    <subfield code="0">0</subfield>
    <subfield code="1">0</subfield>
    <subfield code="2">udc</subfield>
    <subfield code="4">0</subfield>
    <subfield code="6">616310895_&#x10EC;56</subfield>
    <subfield code="7">0</subfield>
    <subfield code="9">75786</subfield>
    <subfield code="a">CPL</subfield>
    <subfield code="b">CPL</subfield>
    <subfield code="c">GEN</subfield>
    <subfield code="d">2018-12-17</subfield>
    <subfield code="g">30.00</subfield>
    <subfield code="o">616.31-089.5 &#x10EC;-56</subfield>
    <subfield code="p">53757</subfield>
    <subfield code="r">2018-12-17</subfield>
    <subfield code="t">53757</subfield>
    <subfield code="w">2018-12-17</subfield>
    <subfield code="y">BK</subfield>
    <subfield code="z">30.00 &#x10DA;.</subfield>
  </datafield>
  <datafield tag="952" ind1=" " ind2=" ">
    <subfield code="0">0</subfield>
    <subfield code="1">0</subfield>
    <subfield code="2">udc</subfield>
    <subfield code="4">0</subfield>
    <subfield code="6">616310895_&#x10EC;56</subfield>
    <subfield code="7">0</subfield>
    <subfield code="9">75787</subfield>
    <subfield code="a">CPL</subfield>
    <subfield code="b">CPL</subfield>
    <subfield code="c">GEN</subfield>
    <subfield code="d">2018-12-17</subfield>
    <subfield code="g">30.00</subfield>
    <subfield code="o">616.31-089.5 &#x10EC;-56</subfield>
    <subfield code="p">54640</subfield>
    <subfield code="r">2018-12-17</subfield>
    <subfield code="t">54640</subfield>
    <subfield code="w">2018-12-17</subfield>
    <subfield code="y">BK</subfield>
    <subfield code="z">30.00 &#x10DA;.</subfield>
  </datafield>
  <datafield tag="952" ind1=" " ind2=" ">
    <subfield code="0">0</subfield>
    <subfield code="1">0</subfield>
    <subfield code="2">udc</subfield>
    <subfield code="4">0</subfield>
    <subfield code="6">616310895_&#x10EC;56</subfield>
    <subfield code="7">0</subfield>
    <subfield code="9">75788</subfield>
    <subfield code="a">CPL</subfield>
    <subfield code="b">CPL</subfield>
    <subfield code="c">GEN</subfield>
    <subfield code="d">2018-12-17</subfield>
    <subfield code="g">30.00</subfield>
    <subfield code="o">616.31-089.5 &#x10EC;-56</subfield>
    <subfield code="p">54641</subfield>
    <subfield code="r">2018-12-17</subfield>
    <subfield code="t">54641</subfield>
    <subfield code="w">2018-12-17</subfield>
    <subfield code="y">BK</subfield>
    <subfield code="z">30.00 &#x10DA;.</subfield>
  </datafield>
</record>
